[Event "Monroe (MI Op/5/17)"]
[Site "?"]
[Date "1986.??.??"]
[Round "?"]
[White "McKinney, T.."]
[Black "Feldstein, R.."]
[Result "0-1"]
[WhiteElo "1900"]
[BlackElo "2025"]
[PlyCount "100"]
[EventDate "1986.??.??"]

{5/(17)} 1. e4 Nf6 2. e5 Nd5 3. d4 d6 4. Nf3 Bg4 5. Be2 Nc6 6. Nbd2 Nf4 7. O-O
Nxe2+ 8. Qxe2 Nxd4 9. Qe4 Nxf3+ 10. Nxf3 Qc8 11. exd6 cxd6 12. Bf4 Qc6 13.
Qxc6+ bxc6 14. Nd2 Rb8 15. b3 g6 16. f3 Bf5 17. c4 Bg7 18. Rae1 Bd4+ 19. Be3
Bxe3+ 20. Rxe3 Kd7 21. g4 Be6 22. Rfe1 Rhe8 23. Ne4 h6 24. Rd1 Kc7 25. Nc3 h5
26. h3 hxg4 27. hxg4 g5 28. Ne4 Rg8 29. Ng3 Rbf8 30. Ne2 c5 31. Nc3 a6 32. Nd5+
Bxd5 33. cxd5 Kd7 34. Rde1 Re8 35. Re4 Rh8 36. Ra4 Ra8 37. Kg2 e5 38. Rh1 Rxh1
39. Kxh1 Kc7 40. Kg2 Kb6 41. Kf2 Rh8 42. Ke3 Rh6 43. Ke4 Rf6 44. Ke3 Rf4 45.
Re4 Kb5 46. a3 Rxe4+ 47. fxe4 c4 48. a4+ Kb4 49. bxc4 Kxc4 50. a5 Kc3 0-1

[Event "Monroe (RVO/5/17)"]
[Site "?"]
[Date "1986.??.??"]
[Round "?"]
[White "McKinney, T.."]
[Black "Everett, Morgan"]
[Result "0-1"]
[WhiteElo "1900"]
[BlackElo "2010"]
[PlyCount "66"]
[EventDate "1986.??.??"]

{5/(17)} 1. e4 e5 2. Nf3 Nc6 3. Bb5 a6 4. Ba4 Nf6 5. O-O b5 6. Bb3 Be7 7. Re1
d6 8. Ng5 O-O 9. c3 h6 10. Nf3 Re8 11. h3 Bf8 12. d4 Bb7 13. d5 Na5 14. Bc2 c6
15. dxc6 Nxc6 16. Nbd2 d5 17. exd5 Nxd5 18. Nf1 Qd6 19. Ng3 Rad8 20. Qe2 g6 21.
Ne4 Qe7 22. a3 Bg7 23. c4 bxc4 24. Qxc4 Na5 25. Qa4 Qc7 26. Bd2 Nc4 27. Bb3
Nxd2 28. Nexd2 Nf4 29. Qc4 Qxc4 30. Nxc4 Nxh3+ 31. gxh3 Bxf3 32. Ba4 Re7 33.
Na5 Rd2 0-1

[Event "Warren (MCO/4/26)"]
[Site "?"]
[Date "1986.??.??"]
[Round "?"]
[White "McGee, T.."]
[Black "Saunders, G.."]
[Result "0-1"]
[WhiteElo "1605"]
[BlackElo "1985"]
[PlyCount "94"]
[EventDate "1986.??.??"]

{4/(26)} 1. c4 Nf6 2. g3 e6 3. Nc3 Be7 4. Bg2 O-O 5. Nf3 d5 6. b3 d4 7. Nb5 c5
8. d3 a6 9. Na3 Nbd7 10. O-O Qc7 11. Re1 Rb8 12. e3 dxe3 13. Rxe3 b6 14. h3 Bb7
15. Bb2 Bd6 16. Kh2 e5 17. Qe2 Rfe8 18. Re1 e4 19. dxe4 Bxe4 20. Nb1 Bb7 21.
Nc3 Rxe3 22. Qxe3 Kf8 23. Qd3 Kg8 24. Qf5 Nf8 25. Rd1 Re8 26. Qg5 h6 27. Qf5
Bc8 28. Qd3 Rd8 29. Ne5 Ne6 30. Nd5 Nxd5 31. cxd5 Bxe5 32. Bxe5 Qxe5 33. f4 Qf6
34. Qe2 Nd4 35. Qe5 Qxe5 36. fxe5 Bb7 37. d6 Bxg2 38. Kxg2 Kf8 39. Rf1 Ke8 40.
g4 Nc6 41. Re1 Kd7 42. Kf3 g5 43. Ke4 Ke6 44. h4 Nxe5 45. hxg5 hxg5 46. Rh1
Rxd6 47. Rh6+ f6 0-1

[Event "Warren (MCO/2/56)"]
[Site "?"]
[Date "1986.??.??"]
[Round "?"]
[White "McGee, T.."]
[Black "Haidukewych, Dan"]
[Result "1-0"]
[WhiteElo "1605"]
[BlackElo "1605"]
[PlyCount "117"]
[EventDate "1986.??.??"]

{2/(56)} 1. c4 e5 2. Nc3 Nc6 3. g3 Nf6 4. Bg2 d6 5. Nf3 Be6 6. Qa4 Qd7 7. d3
Be7 8. Ng5 O-O 9. Nxe6 fxe6 10. b4 a6 11. a3 d5 12. cxd5 exd5 13. Qb3 Rad8 14.
e3 Kh8 15. O-O d4 16. exd4 Nxd4 17. Qb1 c6 18. Ra2 Nb5 19. Nxb5 axb5 20. Rd2
Nd5 21. Bb2 Bf6 22. Qe1 Rfe8 23. Qe4 Nc7 24. Re1 Qd6 25. h4 Re7 26. Bh3 Nd5 27.
Bf5 g6 28. Bh3 Bg7 29. Kh2 Rde8 30. Rde2 b6 31. Bg2 Qf6 32. f4 Qd6 33. fxe5 Qc7
34. d4 Bh6 35. Rc2 Rc8 36. Qg4 Rd8 37. Qf3 Rf8 38. Qd3 Qd7 39. Bh3 Qb7 40. Qe4
Ref7 41. Ree2 Rf3 42. Bg2 Rb3 43. e6 Qc7 44. Qe5+ Qxe5 45. Rxe5 Ne7 46. Ree2
Bg7 47. Bxc6 Rd8 48. Bd7 Bf6 49. g4 Rd3 50. Rcd2 Rxd2 51. Rxd2 Bxh4 52. d5+ Kg8
53. d6 Nc8 54. Be5 Kf8 55. Kh3 Bg5 56. Rf2+ Kg8 57. Rf7 Bh6 58. e7 Nxe7 59.
dxe7 1-0

[Event "Monroe (RVO/3/8)"]
[Site "?"]
[Date "1986.??.??"]
[Round "?"]
[White "Mazuchowski, Tom"]
[Black "Thomas, C.."]
[Result "0-1"]
[WhiteElo "2140"]
[BlackElo "2010"]
[PlyCount "88"]
[EventDate "1986.??.??"]

{3/(8)} 1. Nf3 Nf6 2. d4 g6 3. c4 Bg7 4. b3 O-O 5. Bb2 d6 6. e3 Nbd7 7. Nc3 Re8
8. Be2 e5 9. dxe5 dxe5 10. e4 c6 11. O-O Qc7 12. b4 Nf8 13. c5 Rd8 14. Qc2 Bg4
15. h3 Bxf3 16. Bxf3 Ne6 17. Ne2 Ng5 18. Rad1 Nxf3+ 19. gxf3 Nh5 20. Kh2 Qe7
21. Bc1 Qf6 22. Qc3 Qe6 23. Qb3 Qf6 24. Rg1 Rxd1 25. Rxd1 Qh4 26. Be3 Bf6 27.
Rd7 Rf8 28. Rxb7 Nf4 29. Ng1 Ne6 30. Rxa7 Bg5 31. Kg2 Bxe3 32. Qxe3 Nf4+ 33.
Kf1 Rd8 34. Qb3 Rf8 35. Ke1 Ne6 36. Rd7 Nd4 37. Qd1 Qg5 38. Kf1 Rb8 39. a3 Ra8
40. Qd3 Qc1+ 41. Kg2 Rxa3 42. Qf1 Qc3 43. Kh2 Ra1 44. Qg2 Rxg1 0-1

[Event "Monroe (MI Op/2/7)"]
[Site "?"]
[Date "1986.??.??"]
[Round "?"]
[White "Mazuchowski, Tom"]
[Black "Thomas, C.."]
[Result "0-1"]
[WhiteElo "2140"]
[BlackElo "2010"]
[PlyCount "54"]
[EventDate "1986.??.??"]

{2/(7)} 1. e4 e6 2. d3 d5 3. Nd2 c5 4. g3 Nc6 5. Bg2 Nf6 6. Ne2 Be7 7. O-O O-O
8. h3 Qb6 9. Kh2 Rd8 10. f4 dxe4 11. Nxe4 c4 12. Nxf6+ Bxf6 13. Be4 cxd3 14.
cxd3 Nd4 15. Nxd4 Bxd4 16. Qe2 Bd7 17. Rb1 Bb5 18. Rd1 Rac8 19. Bd2 Rc2 20.
Rdc1 Rxc1 21. Rxc1 f5 22. Qe1 Bf2 23. Qh1 fxe4 24. Qxe4 Bxd3 25. Qe5 Bd4 26.
Qg5 Bxb2 27. Qxd8+ Qxd8 0-1

[Event "Monroe (RVO/1/11)"]
[Site "?"]
[Date "1986.??.??"]
[Round "?"]
[White "Mazuchowski, Tom"]
[Black "Stefanski, Mark"]
[Result "1-0"]
[WhiteElo "2140"]
[BlackElo "1910"]
[PlyCount "53"]
[EventDate "1986.??.??"]

{1/(11)} 1. Nf3 Nf6 2. d4 d5 3. c4 e6 4. Nc3 c5 5. cxd5 Nxd5 6. e4 cxd4 7. Qxd4
Nc6 8. Bb5 Ndb4 9. Qxd8+ Kxd8 10. Bg5+ f6 11. O-O-O+ Kc7 12. Be3 Bd7 13. a3 Na6
14. b4 Naxb4 15. axb4 Bxb4 16. Kb2 Bxc3+ 17. Kxc3 a6 18. Bxc6 Bxc6 19. Nd4 Rhe8
20. f3 g6 21. Rd2 f5 22. Nxc6 bxc6 23. Rhd1 Re7 24. Bc5 Rf7 25. e5 g5 26. Rb2
h5 27. Rdb1 1-0

[Event "Warren (MCO/2/10)"]
[Site "?"]
[Date "1986.??.??"]
[Round "?"]
[White "Mazuchowski, Tom"]
[Black "Proszkow, T.."]
[Result "1-0"]
[WhiteElo "2125"]
[BlackElo "1790"]
[PlyCount "61"]
[EventDate "1986.??.??"]

{2/(10)} 1. d4 Nf6 2. Nf3 e6 3. c4 d5 4. Nc3 Bb4 5. Bg5 Nbd7 6. Qb3 Bxc3+ 7.
Qxc3 c6 8. cxd5 exd5 9. Qe3+ Qe7 10. Qxe7+ Kxe7 11. e3 h6 12. Bf4 Re8 13. Bd3
Nf8 14. h3 Ne6 15. Bh2 Kf8 16. Ne5 Kg8 17. f3 Ng5 18. h4 Ne6 19. Kf2 Nd7 20.
Rac1 Nxe5 21. Bxe5 Nd8 22. g4 g6 23. h5 g5 24. f4 Bxg4 25. fxg5 f5 26. gxf6 Kf8
27. Rcg1 Bd7 28. Rg7 Nf7 29. Bg6 Nxe5 30. dxe5 Re7 31. Rxe7 1-0

[Event "Monroe (MI Op/4/10)"]
[Site "?"]
[Date "1986.??.??"]
[Round "?"]
[White "Mazuchowski, Tom"]
[Black "Mason, A.."]
[Result "1/2-1/2"]
[WhiteElo "2140"]
[BlackElo "1890"]
[PlyCount "90"]
[EventDate "1986.??.??"]

{4/(10)} 1. e4 c6 2. f4 d5 3. e5 Bf5 4. d3 e6 5. Be2 h6 6. c3 Nd7 7. Be3 Bc5 8.
d4 Bb6 9. Nd2 Ne7 10. Ngf3 O-O 11. O-O Bh7 12. b4 Nf5 13. Bf2 f6 14. Bd3 fxe5
15. fxe5 Ne7 16. Bxh7+ Kxh7 17. Nb3 Qe8 18. Nc5 Nxc5 19. bxc5 Ba5 20. Qb1+ Qg6
21. Rc1 Rab8 22. Qxg6+ Nxg6 23. Bg3 Rf7 24. Kf2 Rbf8 25. Ke2 Bd8 26. a4 Ba5 27.
Kd3 Kg8 28. Rc2 Kh7 29. Rf1 Ne7 30. Be1 Ng6 31. Rcf2 Kg8 32. Bd2 Nh4 33. Ke2
Nxf3 34. gxf3 Kh7 35. f4 Bd8 36. Rf3 g5 37. fxg5 Rxf3 38. Rxf3 Rxf3 39. Kxf3
Bxg5 40. Bxg5 hxg5 41. Kg4 Kg6 42. h3 Kh6 43. h4 gxh4 44. Kxh4 Kg6 45. Kg4 Kh6
1/2-1/2

[Event "Warren (MCO/4/9)"]
[Site "?"]
[Date "1986.??.??"]
[Round "?"]
[White "Mazuchowski, Tom"]
[Black "Forte, Joe"]
[Result "1/2-1/2"]
[WhiteElo "2125"]
[BlackElo "1955"]
[PlyCount "49"]
[EventDate "1986.??.??"]

{4/(9)} 1. d4 Nf6 2. Nf3 g6 3. b3 Bg7 4. Bb2 c5 5. d5 d6 6. c4 O-O 7. e3 b5 8.
cxb5 a6 9. a4 axb5 10. Bxb5 Ba6 11. O-O Bxb5 12. axb5 Rxa1 13. Bxa1 Qa5 14. Nc3
Nbd7 15. Nd2 Rb8 16. Nc4 Qd8 17. f4 Ne8 18. Qd3 Nb6 19. Na5 Nxd5 20. Nc6 Nb4
21. Nxd8 Nxd3 22. Nc6 Rb7 23. Na5 Rb8 24. Nc6 Rb7 25. Na5 1/2-1/2

[Event "Monroe (RVO/5/9)"]
[Site "?"]
[Date "1986.??.??"]
[Round "?"]
[White "Mazuchowski, Tom"]
[Black "Eagle, Chris"]
[Result "1-0"]
[WhiteElo "2140"]
[BlackElo "1925"]
[PlyCount "47"]
[EventDate "1986.??.??"]

{5/(9)} 1. d4 d5 2. Nf3 Nf6 3. c4 e6 4. Nc3 b6 5. Bg5 Be7 6. Rc1 h6 7. Bh4 O-O
8. cxd5 Nxd5 9. Bxe7 Qxe7 10. Nxd5 exd5 11. g3 Re8 12. Bg2 Qb4+ 13. Qd2 Qxd2+
14. Kxd2 c6 15. Ne5 Bb7 16. f4 f6 17. Nxc6 Nxc6 18. Bxd5+ Kf8 19. Bxc6 Bxc6 20.
Rxc6 Re4 21. e3 Rae8 22. Rc3 R8e7 23. Re1 Kf7 24. Rd3 1-0

[Event "Warren (MCO/6/10)"]
[Site "?"]
[Date "1986.??.??"]
[Round "?"]
[White "Mazuchowski, Tom"]
[Black "Eagle, Chris"]
[Result "1-0"]
[WhiteElo "2125"]
[BlackElo "1925"]
[PlyCount "59"]
[EventDate "1986.??.??"]

{6/(10)} 1. e4 e5 2. Nc3 Nf6 3. f4 d5 4. fxe5 Nxe4 5. d3 Nxc3 6. bxc3 d4 7. Nf3
Bc5 8. Be2 Nc6 9. O-O dxc3+ 10. Kh1 O-O 11. Qe1 Nd4 12. Bd1 Nxf3 13. Bxf3 c6
14. Qg3 Re8 15. Be4 Qe7 16. Bf4 Qe6 17. h3 Bd4 18. Rae1 Qxa2 19. Qh4 g6 20. Bg5
Bc5 21. Bf6 Bf8 22. Rf4 Be6 23. Ref1 Qa3 24. Kh2 a5 25. Qg5 Bd5 26. Rh4 Bxe4
27. Rxh7 Kxh7 28. Rf4 Bg7 29. Rh4+ Kg8 30. Bxg7 1-0

[Event "Dearborn (MEX/2)"]
[Site "Dearborn"]
[Date "1986.??.??"]
[Round "?"]
[White "Mason, D.."]
[Black "Stone, Ray"]
[Result "0-1"]
[WhiteElo "2045"]
[BlackElo "2315"]
[PlyCount "110"]
[EventDate "1986.??.??"]

1. d4 Nf6 2. c4 g6 3. Nc3 d5 4. Nf3 Bg7 5. Bf4 O-O 6. e3 c5 7. Be2 Nc6 8. O-O
cxd4 9. exd4 Be6 10. cxd5 Nxd5 11. Nxd5 Bxd5 12. Ne5 Qa5 13. Nxc6 Bxc6 14. Bf3
Rfd8 15. Be3 Bxf3 16. Qxf3 Qd5 17. Qxd5 Rxd5 18. Rac1 Rd7 19. g3 Rad8 20. Kg2
Bxd4 21. Bxd4 Rxd4 22. Rc7 R8d7 23. Rfc1 Rd2 24. R1c2 g5 25. Rxd2 Rxc7 26. Rd5
h6 27. Ra5 a6 28. Ra4 Kg7 29. b3 e6 30. h4 f5 31. hxg5 hxg5 32. Rb4 b5 33. a4
Rc5 34. Rd4 Rd5 35. Rb4 Kf6 36. axb5 Rxb5 37. Ra4 a5 38. f4 gxf4 39. gxf4 Rb4
40. Rxa5 Rxf4 41. Rb5 e5 42. Rb8 Rd4 43. b4 e4 44. b5 Ke5 45. b6 Kf4 46. Rf8
Rb4 47. Rf6 Rb2+ 48. Kf1 Kg4 49. Ke1 f4 50. Kd1 e3 51. Re6 Kf3 52. Kc1 Rb4 53.
Kc2 Ke2 54. Kc3 Rb1 55. Kd4 Kd2 0-1

[Event "Monroe (MI Op/4/16)"]
[Site "?"]
[Date "1986.??.??"]
[Round "?"]
[White "Mason, D.."]
[Black "Smith, Les L"]
[Result "1-0"]
[WhiteElo "2070"]
[BlackElo "1920"]
[PlyCount "41"]
[EventDate "1986.??.??"]

{4/(16)} 1. d4 f5 2. c4 Nf6 3. Nc3 e6 4. a3 Be7 5. g3 O-O 6. Bg2 c6 7. Nf3 a5
8. O-O Na6 9. Bg5 Nc7 10. Qc2 d5 11. c5 Nce8 12. Ne5 Qc7 13. Na4 h6 14. Nb6 Ra6
15. Bd2 Nd7 16. Ng6 Rf7 17. Na4 Bf6 18. Bf4 e5 19. dxe5 Nxe5 20. Nb6 Be6 21.
Bh3 1-0

[Event "Monroe (MI Op/2/2)"]
[Site "?"]
[Date "1986.??.??"]
[Round "?"]
[White "Mason, D.."]
[Black "Quigley, L.."]
[Result "1/2-1/2"]
[WhiteElo "2070"]
[BlackElo "2230"]
[PlyCount "46"]
[EventDate "1986.??.??"]

{2/(2)} 1. d4 Nf6 2. c4 e6 3. g3 c5 4. Nf3 cxd4 5. Nxd4 Bb4+ 6. Bd2 Qb6 7. e3
Nc6 8. Bg2 O-O 9. O-O d5 10. Qb3 Bxd2 11. Qxb6 axb6 12. Nxd2 Nxd4 13. exd4 Bd7
14. cxd5 exd5 15. a3 Ra4 16. Nf3 Rc8 17. Rfc1 Rac4 18. Rxc4 Rxc4 19. Ne5 Rxd4
20. Nxd7 Nxd7 21. Rc1 g5 22. h3 Nc5 23. b4 Nb3 1/2-1/2

[Event "Monroe (MI Op/6/12)"]
[Site "?"]
[Date "1986.??.??"]
[Round "?"]
[White "Mason, D.."]
[Black "Finegold, Mark"]
[Result "0-1"]
[WhiteElo "2070"]
[BlackElo "2110"]
[PlyCount "76"]
[EventDate "1986.??.??"]

{6/(12)} 1. d4 e6 2. c4 f5 3. g3 Nf6 4. Bg2 Be7 5. Nc3 O-O 6. Bg5 Nc6 7. Nf3 d6
8. d5 Ne5 9. Nd2 Nxd5 10. Nxd5 exd5 11. Bxd5+ Kh8 12. Bxe7 Qxe7 13. O-O f4 14.
Rc1 Bg4 15. Rc3 c6 16. Bf3 Rae8 17. e3 Bh3 18. Bg2 Bxg2 19. Kxg2 f3+ 20. Kh1
Qe6 21. Rg1 Qh3 22. Qf1 Ng4 23. Nxf3 Qxf1 24. Rxf1 Rxf3 25. Kg2 Rf7 26. Rd3 Rd7
27. Rfd1 Red8 28. b3 Nf6 29. Kf3 Kg8 30. h3 Kf7 31. e4 d5 32. cxd5 cxd5 33.
exd5 Rxd5 34. Rxd5 Rxd5 35. Rxd5 Nxd5 36. a3 Ke6 37. Ke4 Nc3+ 38. Kd4 Nb5+ 0-1

[Event "Monroe (MI Op/3/20)"]
[Site "?"]
[Date "1986.??.??"]
[Round "?"]
[White "Mason, A.."]
[Black "Thomas, Henry"]
[Result "1-0"]
[WhiteElo "1890"]
[BlackElo "1705"]
[PlyCount "45"]
[EventDate "1986.??.??"]

{3/(20)} 1. d4 f5 2. c4 Nf6 3. Nc3 e6 4. Bg5 Be7 5. Bxf6 Bxf6 6. Nf3 O-O 7. e3
d6 8. Bd3 b6 9. O-O Bb7 10. e4 fxe4 11. Bxe4 Bxe4 12. Nxe4 Nd7 13. Re1 Qe7 14.
Qe2 Rae8 15. Rad1 c6 16. Qd3 g6 17. Nxf6+ Rxf6 18. Re3 Nf8 19. Rde1 c5 20. dxc5
bxc5 21. Rd1 Rd8 22. Ne5 Rb8 23. Nc6 1-0

[Event "Monroe (MI Op/5/12)"]
[Site "?"]
[Date "1986.??.??"]
[Round "?"]
[White "Mason, A.."]
[Black "Kitts, Gary"]
[Result "0-1"]
[WhiteElo "1890"]
[BlackElo "2145"]
[PlyCount "34"]
[EventDate "1986.??.??"]

{5/(12)} 1. d4 Nf6 2. c4 g6 3. Nc3 d5 4. Nf3 Bg7 5. Bg5 Ne4 6. Bf4 Nxc3 7. bxc3
c5 8. Bxb8 Rxb8 9. Qa4+ Bd7 10. Qxa7 cxd4 11. cxd4 dxc4 12. e3 b5 13. Qa3 O-O
14. Rb1 Ra8 15. Qb2 Qa5+ 16. Kd1 Qxa2 17. Qxa2 Rxa2 0-1

[Event "Monroe (MI Op/6/16)"]
[Site "?"]
[Date "1986.??.??"]
[Round "?"]
[White "Mason, A.."]
[Black "Everett, Morgan"]
[Result "1/2-1/2"]
[WhiteElo "1890"]
[BlackElo "2010"]
[PlyCount "68"]
[EventDate "1986.??.??"]

{6/(16)} 1. d4 Nf6 2. c4 g6 3. Nc3 Bg7 4. e4 O-O 5. Nf3 d6 6. h3 e5 7. d5 Nbd7
8. Be3 Ne8 9. g4 f5 10. gxf5 gxf5 11. exf5 Rxf5 12. Bd3 Rf8 13. Ng5 Ndf6 14.
Qc2 h6 15. Nh7 Nxh7 16. Bxh7+ Kh8 17. O-O-O Qh4 18. Qe4 Qxe4 19. Bxe4 Nf6 20.
Bg6 a6 21. a4 Ng8 22. Rdg1 Ne7 23. Be4 Bd7 24. Rg3 Nf5 25. Bxf5 Bxf5 26. Rhg1
Rg8 27. b3 Kh7 28. Kd2 Bh8 29. Rxg8 Rxg8 30. Rxg8 Kxg8 31. Bxh6 Bxh3 32. Ne4
Bf5 33. f3 Kf7 34. Bg5 Ke8 1/2-1/2

[Event "Monroe (MI Op/1a/3)"]
[Site "?"]
[Date "1986.??.??"]
[Round "?"]
[White "Mason, A.."]
[Black "Andrews, Steve"]
[Result "0-1"]
[WhiteElo "1890"]
[BlackElo "2220"]
[PlyCount "46"]
[EventDate "1986.??.??"]

1. d4 d5 2. c4 e5 3. dxe5 d4 4. Nf3 Nc6 5. h3 Bf5 6. Bd2 Qd7 7. Qb3 O-O-O 8. g4
Be4 9. Bg2 h5 10. g5 Nge7 11. h4 Ng6 12. Bh3 Bf5 13. Bg2 a6 14. a3 Bc5 15. a4
Rhe8 16. Na3 Re7 17. O-O-O Ngxe5 18. Nxe5 Rxe5 19. e3 Qe8 20. Rde1 dxe3 21.
Bxe3 Rd3 22. Bxc6 bxc6 23. Qc2 Rdxe3 0-1

[Event "Monroe (RVO/5/6)"]
[Site "?"]
[Date "1986.??.??"]
[Round "?"]
[White "Marfia, J.."]
[Black "Mitchell, S.."]
[Result "1-0"]
[WhiteElo "2180"]
[BlackElo "2080"]
[PlyCount "67"]
[EventDate "1986.??.??"]

{5/(6)} 1. e4 g6 2. d4 Bg7 3. Nc3 d6 4. f4 Nd7 5. Nf3 c5 6. d5 Ngf6 7. Bd3 O-O
8. O-O e6 9. dxe6 fxe6 10. f5 gxf5 11. exf5 exf5 12. Bxf5 Nb6 13. Bxc8 Rxc8 14.
Nb5 d5 15. Nxa7 Ra8 16. Nb5 Ne4 17. c3 Qd7 18. a4 Nxa4 19. Rxa4 Rxa4 20. Qxa4
Nd6 21. c4 Nxc4 22. Nc3 Qf7 23. Qd1 d4 24. Ne4 Qd5 25. Qd3 b5 26. b3 Ne5 27.
Nxe5 Rxf1+ 28. Kxf1 Bxe5 29. Ng5 Qd7 30. h3 Bf6 31. Ne4 Qf5+ 32. Qf3 Qxf3+ 33.
gxf3 Be7 34. Ba3 1-0

[Event "Monroe (RVO/2/5)"]
[Site "?"]
[Date "1986.??.??"]
[Round "?"]
[White "Marfia, J.."]
[Black "Feldstein, R.."]
[Result "1-0"]
[WhiteElo "2180"]
[BlackElo "2025"]
[PlyCount "47"]
[EventDate "1986.??.??"]

{2/(5)} 1. e4 Nf6 2. e5 Nd5 3. c4 Nb6 4. c5 Nd5 5. Nc3 Nxc3 6. dxc3 b6 7. Bc4
Bb7 8. Nf3 e6 9. cxb6 axb6 10. Bf4 Be7 11. Qe2 Qc8 12. O-O Ba6 13. a4 Nc6 14.
Bb5 O-O 15. b4 Bb7 16. Rad1 Rd8 17. Bd3 f5 18. exf6 Bxf6 19. Ng5 Bxc3 20. Bxh7+
Kf8 21. Qh5 Ne5 22. Bxe5 g6 23. Qxg6 Bxg2 24. Qf7# 1-0

[Event "Monroe (RVO/3/1)"]
[Site "?"]
[Date "1986.??.??"]
[Round "?"]
[White "Marfia, J.."]
[Black "Blocker, C.."]
[Result "0-1"]
[WhiteElo "2180"]
[BlackElo "2490"]
[PlyCount "100"]
[EventDate "1986.??.??"]

{3/(1)} 1. e4 c6 2. d4 d5 3. Nc3 dxe4 4. Nxe4 Nd7 5. Bc4 Ngf6 6. Ng5 e6 7. Qe2
Nb6 8. Bd3 h6 9. N5f3 c5 10. dxc5 Bxc5 11. Ne5 Nbd7 12. Ngf3 Nxe5 13. Nxe5 O-O
14. O-O b6 15. Rd1 Qe7 16. Be3 Bb7 17. Bxc5 bxc5 18. c4 Rfd8 19. Bc2 Qc7 20.
Ng4 Nxg4 21. Qxg4 Qe5 22. b3 h5 23. Qh4 Rd4 24. Qe7 Rb8 25. Rxd4 cxd4 26. Bd3
a5 27. Rd1 Bc6 28. Qh4 g6 29. Bf1 a4 30. Qxd4 Qxd4 31. Rxd4 axb3 32. axb3 Rxb3
33. f3 Kf8 34. Rd6 Be8 35. Rd3 Rb1 36. Rc3 Ke7 37. Kf2 Rb2+ 38. Ke3 e5 39. Rd3
Bc6 40. Rd2 Rb3+ 41. Kf2 Rc3 42. Be2 f5 43. g3 g5 44. h4 g4 45. fxg4 hxg4 46.
h5 Rc1 47. Ra2 Rh1 48. c5 Rh2+ 49. Ke3 Rxh5 50. Ra6 Bd5 0-1

[Event "Taylor (SEMO/5/8)"]
[Site "?"]
[Date "1986.??.??"]
[Round "?"]
[White "Manion, Tom"]
[Black "Morris, Jason"]
[Result "0-1"]
[WhiteElo "1940"]
[BlackElo "1835"]
[PlyCount "56"]
[EventDate "1986.??.??"]

{5/(8)} 1. e4 c5 2. Nf3 d6 3. d4 cxd4 4. Nxd4 Nf6 5. Nc3 a6 6. Bg5 e6 7. Be2
Be7 8. Qd2 Qc7 9. a4 b6 10. O-O Bb7 11. f3 O-O 12. Kh1 Nbd7 13. Rg1 Rac8 14.
Rae1 h6 15. Be3 Nc5 16. Bd3 Rfd8 17. g4 Nxd3 18. cxd3 d5 19. g5 hxg5 20. Bxg5
dxe4 21. Bxf6 Bxf6 22. Rxg7+ Bxg7 23. Rg1 exf3 24. Rxg7+ Kxg7 25. Qg5+ Kf8 26.
Qh6+ Ke8 27. Qh8+ Kd7 28. Qg7 f2+ 0-1

[Event "Taylor (SEMO/2/7)"]
[Site "?"]
[Date "1986.??.??"]
[Round "?"]
[White "Manion, Tom"]
[Black "Linn, Peter"]
[Result "1/2-1/2"]
[WhiteElo "1940"]
[BlackElo "2160"]
[PlyCount "67"]
[EventDate "1986.??.??"]

{2/(7)} 1. c3 d5 2. Nf3 c5 3. d4 e6 4. e3 Nc6 5. Nbd2 Nf6 6. Be2 Bd6 7. dxc5
Bxc5 8. Nb3 Bb6 9. Nbd4 O-O 10. O-O Qd6 11. b3 e5 12. Nb5 Qe6 13. c4 d4 14.
exd4 Bxd4 15. Nfxd4 exd4 16. Nc7 Qe5 17. Nxa8 d3 18. Qxd3 Rd8 19. Qb1 Qxe2 20.
Be3 Bh3 21. gxh3 Rxa8 22. Qd1 Qb2 23. Qf3 Re8 24. Kh1 Ne5 25. Qg2 Qe2 26. Rg1
g6 27. Rae1 Qh5 28. Bf4 Nd3 29. Rxe8+ Nxe8 30. Be3 Qe2 31. Qf1 Qf3+ 32. Qg2 Qe2
33. Qf1 Qf3+ 34. Qg2 1/2-1/2

[Event "Warren (MCO/6/41)"]
[Site "?"]
[Date "1986.??.??"]
[Round "?"]
[White "Maloy, Mickey"]
[Black "Johnson, To"]
[Result "0-1"]
[WhiteElo "1605"]
[BlackElo "1605"]
[PlyCount "50"]
[EventDate "1986.??.??"]

{6/(41)} 1. e4 c5 2. Nf3 d6 3. d4 cxd4 4. Nxd4 Nf6 5. Nc3 a6 6. Bc4 e6 7. Bb3
Nc6 8. Nxc6 bxc6 9. O-O Be7 10. f4 O-O 11. Qf3 d5 12. e5 Nd7 13. Be3 f6 14. Qg4
Nc5 15. Rf3 f5 16. Qh5 Rf7 17. Ne2 Qf8 18. Nd4 Bd7 19. Bf2 g6 20. Qh3 Ne4 21.
Bh4 c5 22. Ba4 Bxa4 23. Nxe6 Qc8 24. Ng5 Bxg5 25. fxg5 Bxc2 0-1

[Event "Warren (MCO/4/53)"]
[Site "?"]
[Date "1986.??.??"]
[Round "?"]
[White "Maloy, Mickey"]
[Black "Bolda, M.."]
[Result "0-1"]
[WhiteElo "1605"]
[BlackElo "1790"]
[PlyCount "106"]
[EventDate "1986.??.??"]

{4/(53)} 1. e4 d5 2. exd5 Nf6 3. c4 c6 4. dxc6 Nxc6 5. Nc3 Bf5 6. Nf3 e6 7. d4
Nb4 8. Qa4+ Qd7 9. Qxd7+ Nxd7 10. Nb5 Nc2+ 11. Kd2 Bb4+ 12. Kd1 O-O 13. a3 Nxa1
14. axb4 a5 15. Bd2 Nb3 16. bxa5 Nxd2 17. Kxd2 Rxa5 18. Bd3 Bxd3 19. Kxd3 Rd8
20. Kc3 Nb6 21. Nd2 Rc8 22. Nd6 Rc7 23. Nb3 Rd5 24. Nxb7 Rxc4+ 25. Kd3 e5 26.
Re1 f6 27. Ra1 exd4 28. Ra8+ Nxa8 29. Kxc4 Nb6+ 30. Kd3 Na4 31. Nxd4 Nxb2+ 32.
Ke4 Re5+ 33. Kf3 h5 34. Nd6 Nd3 35. h4 Ne1+ 36. Kg3 g5 37. N6f5 g4 38. Ne3 Kf7
39. Ne2 Nd3 40. Nf4 Nxf4 41. Kxf4 Kg6 42. f3 gxf3 43. Kxf3 Ra5 44. g3 Ra3 45.
Kf4 f5 46. Kf3 Kf6 47. Kf4 Ra4+ 48. Kf3 Ke5 49. Ng2 Ra3+ 50. Kf2 Ke4 51. Nf4
Rf3+ 52. Kg2 Rxf4 53. gxf4 Kxf4 0-1

[Event "Warren (MCO/2/55)"]
[Site "?"]
[Date "1986.??.??"]
[Round "?"]
[White "Mains, D.."]
[Black "Warehall, R.."]
[Result "0-1"]
[WhiteElo "1605"]
[BlackElo "1605"]
[PlyCount "48"]
[EventDate "1986.??.??"]

{2/(55)} 1. e4 e5 2. f4 exf4 3. Nf3 d6 4. Bc4 Be6 5. Bxe6 fxe6 6. d4 Nf6 7.
Bxf4 Nxe4 8. O-O Be7 9. Nc3 Nxc3 10. bxc3 O-O 11. Re1 Rxf4 12. Rxe6 Qd7 13. Qe2
Rf7 14. Re1 Bf6 15. Qe3 Nc6 16. Ng5 Re7 17. d5 Ne5 18. Qf4 Rxe6 19. dxe6 Qe7
20. Ne4 Rf8 21. Nxf6+ Rxf6 22. Qd4 Qxe6 23. Qxa7 Nf3+ 24. Kh1 Qxe1+ 0-1

[Event "Warren (MCO/6/54)"]
[Site "?"]
[Date "1986.??.??"]
[Round "?"]
[White "Mains, D.."]
[Black "Roland, M.."]
[Result "0-1"]
[WhiteElo "1605"]
[BlackElo "1605"]
[PlyCount "23"]
[EventDate "1986.??.??"]

{6/(54)} 1. d4 d5 2. Nf3 Bf5 3. Bf4 e6 4. e3 Nf6 5. Nc3 Bb4 6. a3 Bxc3+ 7. bxc3
a6 8. Bd3 Be4 9. O-O O-O 10. c4 b6 11. cxd5 exd5 12. c4 0-1

[Event "Warren (MCO/5/52)"]
[Site "?"]
[Date "1986.??.??"]
[Round "?"]
[White "Mains, D.."]
[Black "Nowicki, B.."]
[Result "0-1"]
[WhiteElo "1605"]
[BlackElo "1605"]
[PlyCount "80"]
[EventDate "1986.??.??"]

{5/(52)} 1. d4 d5 2. Nf3 Nf6 3. e3 Nc6 4. c4 e6 5. c5 a6 6. Bd3 g6 7. Nc3 Bg7
8. O-O O-O 9. Re1 Bd7 10. e4 dxe4 11. Bxe4 Nxe4 12. Nxe4 b5 13. Bg5 f6 14. Bf4
Rf7 15. Be3 Ne7 16. Nc3 c6 17. Ne4 Nc8 18. Qd2 Ra7 19. Bh6 Be8 20. Qf4 g5 21.
Nxf6+ Bxf6 22. Qg4 Bd7 23. Bxg5 Bxg5 24. Nxg5 Rg7 25. Qf4 Qxg5 26. Qxg5 Rxg5
27. f4 Rf5 28. g3 Ne7 29. Kg2 Nd5 30. Kf3 Bc8 31. g4 Rxf4+ 32. Kg3 Raf7 33. Kh4
Kg7 34. a4 Nb4 35. axb5 cxb5 36. Re5 Nd3 37. Rg5+ Kh8 38. d5 exd5 39. Rxd5
Rxg4+ 40. Kh5 Nf4+ 0-1